000 00653nam a2200217 u 4500
005 20240910063838.0
008 131002s2000 r 000 0 eng d
020 _a9788424136079
035 _aUPN01000193346
049 _aCG
050 4 _aPS3562 O9.7
_bG5.8
100 1 _aLowry, Lois
_934409
245 1 4 _aThe giver :
_blibro II. En busca del azul /
_cLois Lowry ; tr. María Luisa Balseiro.
260 _aLeón, Esp. :
_bEverest,
_cc2000.
300 _a251 p.
534 _pTítulo original:
_tGathering Blue
650 4 _aLiteratura juvenil estadounidense
_912776
650 4 _aCiencia ficción
_95230
905 _aLibro
999 _c165447
_d165447